000
00272nam a22001097a 4500
008
170120b xxu||||| |||| 00| 0 eng d
020
_a
9780781723060
041
_a
eng
080
_2
9TH
_a
618.2
245
_a
TEXTBOOK OF MEDICAL SURGICAL NURSING
_c
BOYER, M,J
942
_2
udc
_c
BK
999
_c
3247
_d
3247